| 000 | 01282cam a22002891i 4500 | ||
|---|---|---|---|
| 003 | SA-RiAUC | ||
| 005 | 20250524050822.0 | ||
| 008 | 250513s2008 su g 000 0 ara c | ||
| 020 | _a9789960583846 | ||
| 040 |
_aSA-RiIMS _bara _cSA-RiAUC _erda |
||
| 082 | 0 | 4 |
_a252.5 _qSA-RiAUC |
| 090 |
_a252.5 _bم ح ب |
||
| 100 | 1 |
_aمحب الدين الطبري، أحمد بن عبد الله بن محمد، _d615-694 هجري _eمؤلف. |
|
| 245 | 1 | 0 |
_aعواطف النصرة في الطواف والعمرة / _cتأليف محب الدين الطبري ؛ تحقيق راشد بن عامر بن عبد الله الغفيلي. |
| 264 | 1 |
_aالرياض : _bدار المغني للنشر، _c2008 |
|
| 300 |
_a160 صفحة ؛ _c24 سم. |
||
| 336 |
_aنص _btxt _2rdacontent _3كتاب |
||
| 337 |
_aبدون وسيط _bn _2rdamedia |
||
| 338 |
_aمجلد _bnc _2rdacarrier |
||
| 490 | 0 |
_aسلسلة كتب ورسائل في مناسك الحج والعمرة ؛ _v4 |
|
| 650 | 7 |
_aالحج (فقه إسلامي) _2aucsh |
|
| 650 | 7 |
_aالعمرة (فقه إسلامي) _2aucsh |
|
| 650 | 7 |
_aالطواف بالكعبة _2aucsh |
|
| 700 | 1 |
_aالغفيلي، راشد بن عامر عبد الله _eمحقق. |
|
| 942 |
_2ddc _cBOOK _n0 |
||
| 949 |
_aSA-JeALM _d250513 _umohamedma123 _n1 |
||
| 999 |
_c8317 _d8317 |
||